000 00984nam a22003257a 4500
001 BR9802689
003 BR-BrBNA
005 20230928095925.0
007 ta
008 230509b bl.||||| |||| 00| 0 por d
040 _aBR-BrBNA
_bpor
_cBiblioteca Nacional de Agricultura
041 _a(Por)
072 _aH20
_b0210
_b4150
090 _ 0210 BR9802689
100 1 _aMoraes, F.H.R.
110 1 _aUniversidade Federal de Lavras, MG (Brasil)
_0Tese (Mestre em Agronomia)
245 1 _aEstudo comparativo de algumas propriedades biologicas de cinco isolados do virus Y da batata (Potato Virus Y - PVY)
260 3 _aLavras, MG (Brasil):
_c1997.
300 _a84 p.
500 _aBibliography p. 72-82; 8 illus.; 17 tables; Summaries (Eng, Por)
650 _aBatata
650 _aVirus
650 _aEstirpe
650 _aEnrolamento
650 _aBatata Semente
650 _aELISA
650 _aDiagnostico
909 _a202309
_bLucia
_c55
_dLucia Elande
942 _cBK
999 _c59427
_d59427